| 000 | 01095nac a22002291u 4500 | ||
|---|---|---|---|
| 010 | _a96003272 | ||
| 020 | _a0780334108 (hardcover) | ||
| 020 | _a8120324080(softcover) | ||
| 082 | 0 | 0 |
_a621.36/7 _bW395 |
| 090 |
_c82 _d82 |
||
| 100 | _aWeeks, Arthur R. | ||
| 245 | 1 | 0 |
_aFundamentals of electronic image processing / _cArthur R. Weeks, Jr. |
| 260 |
_aNew Delhi _bPrentice Hall of India _aNew York : _bIEEE Press, _c2005. |
||
| 300 |
_axiii, 570 p. : _bill. (some col.), maps ; _c26 cm. |
||
| 440 | 0 | _aSPIE/IEEE series on imaging science & engineering | |
| 650 | 0 | _aImage processing. | |
| 856 | 4 | 2 |
_3Publisher description _uhttp://www.loc.gov/catdir/description/wiley037/96003272.html |
| 856 | 4 | 2 |
_3Table of Contents _uhttp://www.loc.gov/catdir/toc/onix07/96003272.html |
| 942 |
_cBB _k621.367W395 |
||
| 999 |
_c82 _d82 |
||